Developments in the production of Heveacrumb (Record no. 57123)

MARC details
000 -LEADER
fixed length control field 00425nam a2200169Ia 4500
100 ## - MAIN ENTRY--AUTHOR NAME
Personal name Ramage J
245 #0 - TITLE STATEMENT
Title Developments in the production of Heveacrumb
260 ## - PUBLICATION, DISTRIBUTION, ETC. (IMPRINT)
Name of publisher Planters Bulletin
Year of publication 1969
300 ## - PHYSICAL DESCRIPTION
Number of Pages 306-312
650 ## - SUBJECT ADDED ENTRY--TOPICAL TERM
Topical Term Heveacrumb
650 ## - SUBJECT ADDED ENTRY--TOPICAL TERM
Topical Term Heveacrumb production
700 ## - ADDED ENTRY--PERSONAL NAME
Personal name McKeag H
700 ## - ADDED ENTRY--PERSONAL NAME
Personal name Menneer J D
700 ## - ADDED ENTRY--PERSONAL NAME
Personal name Whiting D A M
942 ## - ADDED ENTRY ELEMENTS (KOHA)
Koha item type Journals
Holdings
Withdrawn status Lost status Damaged status Not for loan Home library Current library Shelving location Date acquired Serial Enumeration / chronology Koha item type
      Journals RRII Library RRII Library Rubber chemistry 17/12/2021 Volume 105, Issue Journals